Girl child in India: A biliographic compendium (Record no. 1389306)

MARC details
000 -LEADER
fixed length control field 00633nam a2200229Ia 4500
005 - DATE AND TIME OF LATEST TRANSACTION
control field 20250508164454.0
008 - FIXED-LENGTH DATA ELEMENTS--GENERAL INFORMATION
fixed length control field 008 250505s9999 xx 000 0 eng d
037 ## - SOURCE OF ACQUISITION
Stock number Textual
040 ## - CATALOGING SOURCE
Original cataloging agency FEDL
Language of cataloging eng
Transcribing agency FEDL
041 ## - LANGUAGE CODE
Language code of text/sound track or separate title eng
Source of code eng
084 ## - COLON CLASSIFICATION NUMBER
Classification number 305.4, VYA
Assigning agency FEDL
100 ## - MAIN ENTRY--PERSONAL NAME
Personal name Vyas Anju
9 (RLIN) 470042
245 #0 - TITLE STATEMENT
Title Girl child in India: A biliographic compendium
260 ## - PUBLICATION, DISTRIBUTION, ETC.
Place of publication, distribution, etc. Delhi, India
Name of publisher, distributor, etc. Indian Bibliographies Bureau
Date of publication, distribution, etc. 1992
300 ## - PHYSICAL DESCRIPTION
Extent xviii,205p.
365 ## - TRADE PRICE
Price type code INR
Price amount 125
546 ## - LANGUAGE NOTE
Language note Macese
650 ## - SUBJECT ADDED ENTRY--TOPICAL TERM
Topical term or geographic name entry element Women
700 ## - ADDED ENTRY--PERSONAL NAME
Personal name Mudgal Madhu
9 (RLIN) 778242
942 ## - ADDED ENTRY ELEMENTS (KOHA)
Koha item type Textual
Classification part 305.4, VYA
Holdings
Withdrawn status Lost status Damaged status Not for loan Home library Current library Date acquired Cost, normal purchase price Total Checkouts Full call number Barcode Date last seen Price effective from Koha item type
        Department of Education Library Department of Education Library 2025-05-08 125.00   305.4, VYA EL0082931 2025-05-08 2025-05-08 Textual
Copyright @ Delhi University Library System